Financiamiento de la vivienda y de la construcción Ley 24.441 (Registro nro. 3423)

Detalles MARC
000 -LEADER
fixed length control field 01639 a2200253 4500
001 - CONTROL NUMBER
control field 41210
005 - DATE AND TIME OF LATEST TRANSACTION
control field 20260407155706.0
008 - FIXED-LENGTH DATA ELEMENTS--GENERAL INFORMATION
fixed length control field 260407a1995 arg spa d
003 - CONTROL NUMBER IDENTIFIER
control field AR-UNSa-BCEJYS
040 ## - CATALOGING SOURCE
Original cataloging agency AR-UNSa-BCEJYS
Language of cataloging spa
Transcribing agency AR-UNSa-BCEJYS
080 ## - UNIVERSAL DECIMAL CLASSIFICATION NUMBER
Universal Decimal Classification number 347.27
Common auxiliary subdivision Hipotecas. Bienes hipotecables. Suelos hipotecables. Bienes raíces como garantía
020 ## - INTERNATIONAL STANDARD BOOK NUMBER
International Standard Book Number 950-894-022-0
041 ## - LANGUAGE CODE
Language code of text/sound track or separate title spa
100 1# - MAIN ENTRY--PERSONAL NAME
Personal name Armella, Cristina N.
245 10 - TITLE STATEMENT
Title Financiamiento de la vivienda y de la construcción Ley 24.441
264 #1 - PRODUCTION, PUBLICATION, DISTRIBUTION, MANUFACTURE, AND COPYRIGHT NOTICE
Place of production, publication, distribution, manufacture Buenos Aires :
Name of producer, publisher, distributor, manufacturer AD-HOC
Date of production, publication, distribution, manufacture, or copyright notice 1995
300 ## - PHYSICAL DESCRIPTION
Extent 2 v. (548 ; 200 p.)
Dimensions 23 cm.
505 ## - FORMATTED CONTENTS NOTE
Formatted contents note Vol. I: 1. Génesis de la Ley - 2. Fideicomiso: contractual y financiero - 3. El fideicomiso constituido por testamento (art. 3 de la ley 24.441) - 4. Leasing. Mobiliario e inmobiliario - 5. Letras hipotecarias -- Vol. II-A: 1. Garantías mediante debido proceso. La seguridad jurídica - 2. Supresiones de la Ley 24.441 - 3. Hipotecas incluidas en la Ley 24.441 - 4. La mora - 5. Intimación de pago al deudor - 6. Presentación judicial - 7. Acreedor - 8. Subasta - 9. Impugnación - 10. Levantamiento de embargos e inhibiciones - 11. Escritura de protocolización de actuaciones - 12. Defensas - 13. Juicio posterior referido al saldo impago de la obligación - 14. Recupero del inmueble - 15. Artículo 598, Código Procesal - 16. Reforma al artículo 3936
590 ## - LOCAL NOTE (RLIN)
Local note niveau_biblio:m niveau_hierar:0
700 1# - ADDED ENTRY--PERSONAL NAME
Personal name Orelle, José María R.
700 1# - ADDED ENTRY--PERSONAL NAME
Personal name Causse, Jorge R.
856 41 - ELECTRONIC LOCATION AND ACCESS
Uniform Resource Identifier <a href="https://biblioeco.unsa.edu.ar/pmb/images/libros/finanacimineto_vivnda_const.jpg">https://biblioeco.unsa.edu.ar/pmb/images/libros/finanacimineto_vivnda_const.jpg</a>
Link text Imagen de portada
Electronic format type image/jpeg
942 ## - ADDED ENTRY ELEMENTS (KOHA)
Koha item type
Existencias
Withdrawn status Lost status Damaged status Not for loan Home library Current library Shelving location Date acquired Total checkouts Full call number Barcode Date last seen Price effective from Koha item type
        Biblioteca Prof. Eusebio Cleto del Rey Biblioteca Prof. Eusebio Cleto del Rey   07/04/2026   347.27 O66 v.1 L126444 07/04/2026 07/04/2026 Libro
        Biblioteca Prof. Eusebio Cleto del Rey Biblioteca Prof. Eusebio Cleto del Rey   07/04/2026   347.27 O66 v.2 L126461 07/04/2026 07/04/2026 Libro